000
00247cam a22000977a 4500
008
180718b1986 xxu||||| |||| 00| 0 eng d
082
_a
K22 In2je
245
_a
Job evaluation
260
_a
Geneva
_b
International Labour Office
_c
1986
300
_a
202+p.
999
_c
499751
_d
499751